| 000 | 00694nam a2200205Ii 4500 | ||
|---|---|---|---|
| 003 | JO-AjNU | ||
| 008 | 230605s9999||||xx |||||||||||||| ||und|| | ||
| 040 |
_aJO-AjNU _bara _erda _cJO-AjNU |
||
| 041 | _aara | ||
| 050 | 1 | 4 | _aPJ7542.B47.S25 2006 |
| 100 | 3 |
_aتأليف الصفدي،صلاح الدين إبن أيبك , _eauthor _923578 |
|
| 245 | 0 | 0 | _aكشف الحال في وصف الخال |
| 250 | _aط1 | ||
| 264 | 3 | 1 | _aدمشق الأوائل للنشر،2006 |
| 300 | _a173ص | ||
| 336 |
_atext _btxt _2rdacontent |
||
| 337 |
_aunmediated _bn _2rdamedia |
||
| 338 |
_avolume _bnc _2rdacarrier |
||
| 650 | 4 |
_a الشعر الوصفي العربي - العصر المملوكي _923579 |
|
| 999 |
_aA8550 _c12118 _d12118 |
||